Counties of İreland Quiz - Statistics

General Stats
  • This quiz has been taken 10 times
  • The average score is 21 of 31
Answer Stats
Region County % Correct
Southern Cork
100%
Southern Cork City
100%
Southern Waterford
100%
Northern and Western Donegal
89%
Eastern and Midland Dublin City
89%
Northern and Western Galway
89%
Northern and Western Galway City
89%
Southern Kerry
89%
Southern Limerick
89%
Northern and Western Mayo
89%
Southern Wexford
89%
Southern Clare
78%
Eastern and Midland Meath
78%
Northern and Western Roscommon
78%
Southern Tipperary
78%
Eastern and Midland Westmeath
78%
Eastern and Midland Laois
67%
Northern and Western Leitrim
67%
Eastern and Midland Longford
67%
Eastern and Midland Offaly
67%
Northern and Western Sligo
67%
Eastern and Midland Wicklow
67%
Northern and Western Cavan
56%
Southern Kilkenny
56%
Eastern and Midland Louth
56%
Northern and Western Monaghan
56%
Eastern and Midland Kildare
44%
Southern Carlow
33%
Eastern and Midland Dún Laoghaire–Rathdown
0%
Eastern and Midland Fingal
0%
Eastern and Midland South Dublin
0%
No matching quizzes found
Score Distribution
Percent of People with Each Score
Percentile by Number Answered
Your Score History
You have not taken this quiz